Centralizované zásobovanie teplom tepelnými napájačmi vo vybraných lokalitách : Celoštátna konferencia
Gespeichert in:
| Format: | Buch |
|---|---|
| Veröffentlicht: |
Bratislava :
Dom techniky,
1990
|
| Tags: |
Keine Tags, Fügen Sie das erste Tag hinzu!
|
MARC
| LEADER | 00000nam a22000003a 4500 | ||
|---|---|---|---|
| 001 | stu46854 | ||
| 005 | 20150408180137.9 | ||
| 008 | ------s1990----cs----------------------d | ||
| 040 | |a STU |b slo | ||
| 041 | 0 | ||
| 044 | |a cs | ||
| 080 | |a 697.34 | ||
| 245 | |a Centralizované zásobovanie teplom tepelnými napájačmi vo vybraných lokalitách : |b Celoštátna konferencia | ||
| 260 | |a Bratislava : |b Dom techniky, |c 1990 | ||
| 300 | |a 52 s | ||
| 996 | |b J85167 |c J*85167/K 11 |l JJK11 |s P |a 0 |w stu46854_0001 | ||